Los de abajo

Saved in:
Bibliographic Details
Main Author: Azuela, Mariano (Author)
Format: Book
Language:Spanish
Published: Madrid Cátedra 1980
Series:Letras Hispánicas, 120
Subjects:
Tags: Add Tag
No Tags, Be the first to tag this record!

MARC

LEADER 00000nam a2200000 a 4500
001 UCT6454
003 CL-VaPUC
008 970113e19800000SP |||||||||||||||||spa|d
082 0 4 |a Me863  |b AZU  |2 21 
100 0 |a Azuela, Mariano  |e author  |9 376657 
245 1 4 |a Los de abajo 
300 |a 216 p 
942 |c BK 
945 |d 19970113 00:00:00  |a rbrito 
260 |a Madrid  |b Cátedra  |c 1980 
650 0 |a Novelas mexicanas  |9 317570 
583 |a last modification  |c 19970113 00:00:00  |k Rodrigo Vera 
490 0 |a Letras Hispánicas, 120 
999 |c 255158  |d 255156 
952 |0 0  |1 0  |4 0  |6 ME_863_000000000000000_AZU_1980  |7 0  |8 A  |9 277280  |a BIBEDU  |b BIBEDU  |d 2019-11-19  |i 3265846  |o Me863 AZU 1980  |p 3265846  |r 2019-11-19  |w 2019-11-19  |y BK  |k LIT